[Event "AUT-ch"]
[Site "Vienna"]
[Date "2018.07.24"]
[Round "4"]
[White "Holzleithner, Johannes"]
[Black "Busuioc, Alexandra"]
[Result "1-0"]
[WhiteElo "2000"]
[BlackElo "1966"]
[PlyCount "103"]
[EventDate "2018.07.22"]
[EventType "swiss"]
[EventRounds "9"]
[EventCountry "AUT"]
[SourceTitle "CBM 185 Extra"]
[Source "ChessBase"]
[SourceDate "2018.07.29"]
[SourceVersion "1"]
[SourceVersionDate "2018.07.29"]
[SourceQuality "1"]

1. b4 d6 2. Bb2 Nf6 3. e3 e5 4. Nf3 Be7 5. Be2 0-0 6. 0-0 Be6 7. c4 Nbd7 8. Qc2 a5 9. a3 h6 10. Nc3 Nb6 11. d3 Nfd7 12. Nd2 axb4 13. axb4 c5 14. Rxa8 Qxa8 15. Ra1 Qb8 16. b5 d5 17. cxd5 Nxd5 18. Nxd5 Bxd5 19. Nc4 Rc8 20. Bg4 Bxc4 21. dxc4 Rd8 22. Bc3 Nf6 23. Bf3 Bd6 24. g3 Re8 25. Qf5 Re6 26. Rd1 b6 27. Bc6 Nh7 28. Ra1 Rf6 29. Qd7 Nf8 30. Qa7 Qd8 31. Qb7 Bc7 32. Bd5 Qd7 33. Bxe5 Bxe5 34. Qxd7 Nxd7 35. Ra7 Nf8 36. f4 Bc3 37. e4 Ne6 38. e5 Rf5 39. Ra8+ Nf8 40. e6 Bd4+ 41. Kg2 fxe6 42. Bxe6+ Rf7 43. Bd5 g5 44. Ra7 gxf4 45. gxf4 Ng6 46. Bxf7+ Kg7 47. Bxg6+ Kxg6 48. Rb7 Kf5 49. Kf3 Bg1 50. h3 Bh2 51. Rxb6 Bxf4 52. Rf6+ 1-0

[Event "AUT-ch U18 Girls"]
[Site "St Veit"]
[Date "2018.03.28"]
[Round "6"]
[White "Polterauer, Chiara"]
[Black "Busuioc, Alexandra"]
[Result "1-0"]
[WhiteElo "2170"]
[BlackElo "1974"]
[PlyCount "107"]
[EventDate "2018.03.25"]
[EventType "swiss"]
[EventRounds "7"]
[EventCountry "AUT"]
[SourceTitle "EXT 2019"]
[Source "ChessBase"]
[SourceDate "2018.10.10"]
[SourceVersion "1"]
[SourceVersionDate "2018.10.10"]
[SourceQuality "1"]

1. e4 c5 2. Nc3 Nc6 3. f4 g6 4. Bb5 Nd4 5. Nf3 Nxb5 6. Nxb5 Bg7 7. 0-0 Nf6 8. d3 0-0 9. a4 d5 10. e5 Ng4 11. Qe1 b6 12. Qh4 Nh6 13. Bd2 Nf5 14. Qf2 d4 15. h3 Bh8 16. g4 Ng7 17. Qh4 Bb7 18. Ng5 h5 19. Kh2 f6 20. Ne4 hxg4 21. hxg4 Bxe4 22. dxe4 a6 23. Na3 Qc7 24. Rh1 Kf7 25. Kg2 Ke6 26. f5+ gxf5 27. gxf5+ Kd7 28. e6+ Kc6 29. Qf4 Ne8 30. Qxc7+ Nxc7 31. Rh7 Rg8+ 32. Kf3 Rg7 33. Rah1 Rxh7 34. Rxh7 Re8 35. Bf4 Kb7 36. Nc4 b5 37. axb5 axb5 38. Bxc7 Kxc7 39. Nd2 Kd6 40. Nf1 c4 41. Ng3 b4 42. Ne2 Kc5 43. Nf4 d3 44. cxd3 cxd3 45. Nxd3+ Kc4 46. Nf4 Kb3 47. Nd5 Rb8 48. Rxe7 Kxb2 49. Rd7 b3 50. e7 Re8 51. Rd8 Rxe7 52. Nxe7 Kc2 53. Rxh8 b2 54. Rh2+ 1-0

[Event "AUT-ch U18 Girls"]
[Site "St Veit"]
[Date "2018.03.25"]
[Round "2"]
[White "Schluder, Nathalie"]
[Black "Busuioc, Alexandra"]
[Result "0-1"]
[WhiteElo "1562"]
[BlackElo "1974"]
[PlyCount "38"]
[EventDate "2018.03.25"]
[EventType "swiss"]
[EventRounds "7"]
[EventCountry "AUT"]
[SourceTitle "EXT 2019"]
[Source "ChessBase"]
[SourceDate "2018.10.10"]
[SourceVersion "1"]
[SourceVersionDate "2018.10.10"]
[SourceQuality "1"]

1. e4 e5 2. Nf3 Nc6 3. Bc4 Bc5 4. 0-0 Nf6 5. Nc3 d6 6. h3 Be6 7. Bb3 Qd7 8. d3 0-0-0 9. Ng5 Rdg8 10. Be3 Bxb3 11. axb3 h6 12. Nf3 g5 13. d4 exd4 14. Nxd4 g4 15. Nxc6 Qxc6 16. Bxc5 Qxc5 17. Qd3 Kb8 18. g3 gxh3 19. Kh2 Ng4+ 0-1

[Event "AUT-ch (Women)"]
[Site "Graz"]
[Date "2017.08.18"]
[Round "7"]
[White "Busuioc, Alexandra"]
[Black "Exler, Veronika"]
[Result "1-0"]
[WhiteElo "1881"]
[BlackElo "2124"]
[PlyCount "57"]
[EventDate "2017.08.12"]
[EventType "swiss"]
[EventRounds "9"]
[EventCountry "AUT"]
[SourceTitle "CBM 180 Extra"]
[Source "ChessBase"]
[SourceDate "2017.10.06"]
[SourceVersion "1"]
[SourceVersionDate "2017.10.06"]
[SourceQuality "1"]

1. e4 c6 2. d4 d5 3. e5 c5 4. dxc5 e6 5. Be3 Nh6 6. Bd3 Nf5 7. Bxf5 exf5 8. Nc3 Be6 9. Nf3 Na6 10. 0-0 Nxc5 11. Qe2 Qd7 12. Rfd1 Be7 13. Bxc5 Bxc5 14. a3 0-0 15. Rd2 Rfd8 16. Rad1 Qc6 17. Nd4 Bxd4 18. Rxd4 Rac8 19. Qf3 h6 20. h3 Qb6 21. Nxd5 Rxd5 22. Rxd5 Bxd5 23. Rxd5 Rxc2 24. Qxf5 Rc1+ 25. Kh2 g6 26. Qf4 Rc2 27. Qxh6 Rxf2 28. Rd6 Qc7 29. Qh4 1-0

[Event "AUT-ch (Women)"]
[Site "Graz"]
[Date "2017.08.12"]
[Round "1"]
[White "Mayrhuber, Nikola"]
[Black "Busuioc, Alexandra"]
[Result "1-0"]
[WhiteElo "2134"]
[BlackElo "1881"]
[PlyCount "149"]
[EventDate "2017.08.12"]
[EventType "swiss"]
[EventRounds "9"]
[EventCountry "AUT"]
[SourceTitle "CBM 180 Extra"]
[Source "ChessBase"]
[SourceDate "2017.10.06"]
[SourceVersion "1"]
[SourceVersionDate "2017.10.06"]
[SourceQuality "1"]

1. d4 Nf6 2. Nf3 g6 3. g3 Bg7 4. Bg2 0-0 5. 0-0 d6 6. a4 Nbd7 7. a5 a6 8. Nbd2 e5 9. dxe5 dxe5 10. Nc4 e4 11. Ng5 Qe7 12. Bf4 h6 13. Nh3 Nc5 14. c3 Be6 15. Nd2 Qd7 16. Be3 Bxh3 17. Bxc5 Rfd8 18. Be3 Bxg2 19. Kxg2 Ng4 20. Nxe4 Nxe3+ 21. fxe3 Qc6 22. Qa4 Qxa4 23. Rxa4 f5 24. Nc5 Rd2 25. Kf3 Rxb2 26. Rb4 Bxc3 27. Rxb7 Rxb7 28. Nxb7 Rb8 29. Rc1 Be5 30. Nc5 Rb5 31. Nxa6 Rxa5 32. Nxc7 Kf7 33. Rc6 Bxc7 34. Rxc7+ Kf6 35. Rc6+ Kg5 36. Rc4 Ra3 37. Rb4 Ra1 38. Rc4 Rf1+ 39. Kg2 Re1 40. Kf2 Rh1 41. h4+ Kf6 42. e4 fxe4 43. Rxe4 Ra1 44. Rf4+ Ke5 45. Kf3 Rf1+ 46. Kg4 Re1 47. Rf8 Ra1 48. Rh8 Ra4+ 49. Kf3 h5 50. Rb8 Ra5 51. Rb6 Ra3+ 52. e3 Kf5 53. Rc6 Rb3 54. Ra6 Rc3 55. Ra5+ Ke6 56. Kf4 Rc4+ 57. e4 Rc3 58. Ra1 Rb3 59. Rf1 Rb5 60. Rf3 Ra5 61. Re3 Re5 62. Ra3 Rb5 63. Ra6+ Kf7 64. Rd6 Rb3 65. Rd5 Ra3 66. Rd4 Ra5 67. e5 Rb5 68. Rd7+ Ke6 69. Rd6+ Kf7 70. Kg5 Rb4 71. Rf6+ Ke7 72. Kxg6 Re4 73. Rf5 Ke6 74. Rg5 Re3 75. Kxh5 1-0

[Event "AUT-ch U16/U18 Girls"]
[Site "St Veit"]
[Date "2017.04.13"]
[Round "7"]
[White "Busuioc, Alexandra"]
[Black "Moerwald, Magdalena"]
[Result "0-1"]
[WhiteElo "1911"]
[BlackElo "1682"]
[PlyCount "94"]
[EventDate "2017.04.09"]
[EventType "swiss"]
[EventRounds "7"]
[EventCountry "AUT"]
[SourceTitle "CBM 178 Extra"]
[Source "ChessBase"]
[SourceDate "2017.06.22"]
[SourceVersion "1"]
[SourceVersionDate "2017.06.22"]
[SourceQuality "1"]

1. e4 c6 2. d4 d5 3. e5 Bf5 4. Nf3 e6 5. Be2 Nd7 6. 0-0 c5 7. Be3 cxd4 8. Bxd4 Bc5 9. c4 Ne7 10. Bc3 a5 11. Nbd2 0-0 12. Nb3 Bb6 13. Nbd4 Bg6 14. Rc1 Nc5 15. b3 Ne4 16. Bb2 Qd7 17. Ba3 Rfc8 18. Nb5 Bc5 19. Bxc5 Rxc5 20. Nh4 Rcc8 21. Nxg6 hxg6 22. Bf3 Ng5 23. Nd6 Nxf3+ 24. Qxf3 Rf8 25. cxd5 Nxd5 26. Rc4 f6 27. Qg3 g5 28. exf6 gxf6 29. h4 e5 30. Ne4 Nf4 31. Re1 g4 32. Nxf6+ Rxf6 33. Rxe5 Raf8 34. Rg5+ Kh8 35. Rxf4 Rxf4 36. Rh5+ Kg8 37. Rg5+ Kh8 38. Rh5+ Kg7 39. Rxa5 R8f5 40. Qc3+ Kg6 41. Ra8 Qd1+ 42. Kh2 Rf8 43. Ra5 R4f5 44. Ra4 Rxf2 45. Qe5 Rxg2+ 46. Kxg2 Qf1+ 47. Kg3 Qh3# 0-1

[Event "AUT-ch U16/U18 Girls"]
[Site "St Veit"]
[Date "2017.04.11"]
[Round "5"]
[White "Polterauer, Chiara"]
[Black "Busuioc, Alexandra"]
[Result "1/2-1/2"]
[WhiteElo "2009"]
[BlackElo "1911"]
[PlyCount "85"]
[EventDate "2017.04.09"]
[EventType "swiss"]
[EventRounds "7"]
[EventCountry "AUT"]
[SourceTitle "CBM 178 Extra"]
[Source "ChessBase"]
[SourceDate "2017.06.22"]
[SourceVersion "1"]
[SourceVersionDate "2017.06.22"]
[SourceQuality "1"]

1. e4 c5 2. Nf3 Nc6 3. d4 cxd4 4. Nxd4 e6 5. Nc3 Qc7 6. g3 a6 7. Bg2 Nf6 8. 0-0 Nxd4 9. Qxd4 Bc5 10. Bf4 d6 11. Qd3 h6 12. Na4 e5 13. Bd2 0-0 14. c4 Bd4 15. Nc3 Qb6 16. b3 Ng4 17. Be1 f5 18. Rd1 fxe4 19. Nxe4 Bf5 20. Qe2 Nf6 21. Nxf6+ Rxf6 22. Bd5+ Kh8 23. Bd2 Raf8 24. Be3 Bxe3 25. Qxe3 Qxe3 26. fxe3 b5 27. cxb5 axb5 28. a3 Bd7 29. Rxf6 gxf6 30. Ra1 Rc8 31. a4 bxa4 32. bxa4 Rc5 33. e4 Ra5 34. Bb3 Bc6 35. Bc2 Kg7 36. Kf2 d5 37. exd5 Bxd5 38. Ke3 Kf7 39. Kd2 Ke6 40. Kc3 Rc5+ 41. Kb2 Bc4 42. Ka3 Bd5 43. Kb2 1/2-1/2

[Event "AUT-ch U16/U18 Girls"]
[Site "St Veit"]
[Date "2017.04.10"]
[Round "3"]
[White "Zeber, Katja"]
[Black "Busuioc, Alexandra"]
[Result "0-1"]
[WhiteElo "1446"]
[BlackElo "1911"]
[PlyCount "100"]
[EventDate "2017.04.09"]
[EventType "swiss"]
[EventRounds "7"]
[EventCountry "AUT"]
[SourceTitle "CBM 178 Extra"]
[Source "ChessBase"]
[SourceDate "2017.06.22"]
[SourceVersion "1"]
[SourceVersionDate "2017.06.22"]
[SourceQuality "1"]

1. e4 c5 2. Nc3 Nc6 3. f4 e6 4. Nf3 d5 5. Bb5 Nge7 6. d3 a6 7. Bxc6+ Nxc6 8. 0-0 Be7 9. Ne2 0-0 10. Bd2 Qb6 11. b3 Bd7 12. c4 dxc4 13. bxc4 Rad8 14. Rb1 Qc7 15. Bc3 Bc8 16. Qd2 f6 17. Ng3 b5 18. cxb5 axb5 19. Ne1 Ba6 20. Rf3 b4 21. Ba1 c4 22. Qc2 cxd3 23. Nxd3 Bxd3 24. Rxd3 Rxd3 25. Qxd3 Qxf4 26. Qb3 Nd8 27. Bd4 Kh8 28. Bb6 Qe5 29. Rc1 Nf7 30. Bc7 Bc5+ 31. Kh1 Qxc7 32. Qxe6 Qe7 33. Qf5 Bd6 34. Rc8 Be5 35. Rxf8+ Qxf8 36. Qd7 Qd8 37. Qb5 h6 38. Qc4 Ng5 39. Qc2 Qc7 40. Qe2 Bxg3 41. hxg3 Qxg3 42. Qc2 Qe1+ 43. Kh2 Qxe4 44. Qc8+ Kh7 45. Kg1 h5 46. Kh2 Qe5+ 47. Kg1 Qa1+ 48. Kh2 Qxa2 49. Qf5+ Kh6 50. Qf1 b3 0-1

[Event "Wch U16 Girls"]
[Site "Khanty-Mansiysk"]
[Date "2016.10.02"]
[Round "10"]
[White "Prakapuk, Vera"]
[Black "Busuioc, Alexandra"]
[Result "0-1"]
[WhiteElo "1908"]
[BlackElo "1876"]
[PlyCount "124"]
[EventDate "2016.09.22"]
[EventType "swiss"]
[EventRounds "11"]
[EventCountry "RUS"]
[SourceTitle "EXT 2017"]
[Source "ChessBase"]
[SourceDate "2016.10.25"]
[SourceVersion "1"]
[SourceVersionDate "2016.10.25"]
[SourceQuality "1"]

1. e4 c5 2. Nf3 Nc6 3. Bb5 e6 4. Bxc6 bxc6 5. d3 Ne7 6. 0-0 Ng6 7. e5 d6 8. Qe2 Qc7 9. Re1 dxe5 10. Nxe5 Bd6 11. f4 f6 12. Nxg6 hxg6 13. Qf3 Kf7 14. Nc3 f5 15. Nb5 cxb5 16. Qxa8 Rh4 17. Qf3 g5 18. Bd2 gxf4 19. h3 Bb7 20. Qe2 Rh6 21. Rf1 Rg6 22. Rf2 c4 23. d4 f3 24. Rxf3 Bxf3 25. Qxf3 Qb6 26. Be3 Bc7 27. d5 Qd6 28. dxe6+ Rxe6 29. Rd1 Qh2+ 30. Kf1 Bb6 31. Bxb6 axb6 32. Qh5+ Kf6 33. Qh4+ Kg6 34. Qd4 Qh1+ 35. Kf2 Qh2 36. Qd7 Qf4+ 37. Kg1 Qe3+ 38. Kh1 Qe2 39. c3 Rf6 40. Rb1 Qc2 41. Qe8+ Kh7 42. Re1 Qxb2 43. Qh5+ Rh6 44. Qxf5+ Rg6 45. Qh5+ Rh6 46. Qf3 Qxa2 47. Re4 Qa8 48. Qf5+ Kh8 49. Re7 Qd8 50. Rd7 Qe8 51. Qd5 Qe6 52. Qxb5 Qe4 53. Rd8+ Kh7 54. Re8 Rxh3+ 55. Kg1 Qg4 56. Qd5 Rh6 57. Qg8+ Kg6 58. Re6+ Kh5 59. Qe8+ Kg5 60. Qe7+ Kh5 61. Re1 Rg6 62. Qe8 Qxg2# 0-1

[Event "Wch U16 Girls"]
[Site "Khanty-Mansiysk"]
[Date "2016.09.26"]
[Round "5"]
[White "Busuioc, Alexandra"]
[Black "Di Benedetto, Desiree"]
[Result "0-1"]
[WhiteElo "1876"]
[BlackElo "2183"]
[PlyCount "48"]
[EventDate "2016.09.22"]
[EventType "swiss"]
[EventRounds "11"]
[EventCountry "RUS"]
[SourceTitle "EXT 2017"]
[Source "ChessBase"]
[SourceDate "2016.10.25"]
[SourceVersion "1"]
[SourceVersionDate "2016.10.25"]
[SourceQuality "1"]

1. e4 e6 2. d4 d5 3. Nc3 Nf6 4. e5 Nfd7 5. f4 c5 6. Nf3 Be7 7. Be3 b6 8. Qd2 0-0 9. 0-0-0 c4 10. g4 b5 11. f5 b4 12. Nb1 Qa5 13. Bg5 f6 14. fxe6 fxg5 15. exd7 Bxd7 16. Nxg5 c3 17. Qe3 h6 18. h4 hxg5 19. hxg5 Qd8 20. Rh5 Bxg4 21. Bd3 Bxh5 22. Rg1 Rf3 23. Qe2 Bxg5+ 24. Nd2 Bxd2+ 0-1

[Event "AUT-ch U16/18 Girls"]
[Site "St Veit"]
[Date "2016.03.23"]
[Round "6"]
[White "Mayrhuber, Nikola"]
[Black "Busuioc, Alexandra"]
[Result "0-1"]
[WhiteElo "1929"]
[BlackElo "1979"]
[PlyCount "76"]
[EventDate "2016.03.20"]
[EventType "swiss"]
[EventRounds "7"]
[EventCountry "AUT"]
[SourceTitle "CBM 171 Extra"]
[Source "ChessBase"]
[SourceDate "2016.04.26"]
[SourceVersion "1"]
[SourceVersionDate "2016.04.26"]
[SourceQuality "1"]

1. d4 Nf6 2. Nf3 g6 3. c4 Bg7 4. Nc3 0-0 5. g3 d6 6. Bg2 Bg4 7. h3 Bxf3 8. Bxf3 Nc6 9. 0-0 Nd7 10. e3 e5 11. d5 Ne7 12. e4 f5 13. b4 Qc8 14. Bg5 Nf6 15. Kh2 h6 16. Bxf6 Rxf6 17. c5 Qf8 18. Qc2 fxe4 19. Bxe4 Nf5 20. Bxf5 gxf5 21. Nb5 Qf7 22. Rad1 a6 23. Nc3 Re8 24. Rfe1 h5 25. h4 Rf8 26. Rg1 f4 27. g4 f3 28. Ne4 Rg6 29. Ng5 Qf4+ 30. Kh3 Rxg5 31. hxg5 Qxg5 32. Rde1 Rf4 33. Re4 Qg6 34. Rc4 e4 35. Qd2 Rxg4 36. Rxe4 Qxe4 37. Qe1 Rh4+ 38. Kg3 Qf4# 0-1

[Event "AUT-ch U16/18 Girls"]
[Site "St Veit"]
[Date "2016.03.20"]
[Round "2"]
[White "Busuioc, Alexandra"]
[Black "Trippold, Denise"]
[Result "1/2-1/2"]
[WhiteElo "1979"]
[BlackElo "2115"]
[PlyCount "104"]
[EventDate "2016.03.20"]
[EventType "swiss"]
[EventRounds "7"]
[EventCountry "AUT"]
[SourceTitle "CBM 171 Extra"]
[Source "ChessBase"]
[SourceDate "2016.04.26"]
[SourceVersion "1"]
[SourceVersionDate "2016.04.26"]
[SourceQuality "1"]

1. e4 c5 2. Nf3 Nc6 3. d4 cxd4 4. Nxd4 e6 5. Nc3 Qc7 6. Be3 a6 7. Qf3 Nf6 8. 0-0-0 Ne5 9. Qg3 d6 10. Bg5 Be7 11. f4 Ned7 12. Be2 Nc5 13. Bf3 h6 14. Bh4 0-0 15. e5 dxe5 16. fxe5 Ne8 17. Bxe7 Qxe7 18. h4 Qc7 19. Qh2 f6 20. Rde1 Bd7 21. g4 fxe5 22. Qxe5 Rc8 23. g5 Rf4 24. Qe3 b5 25. Bd5 Rxd4 26. Qxd4 exd5 27. Qxd5+ Kh8 28. gxh6 Qf4+ 29. Kb1 Qxh6 30. Ne4 Be6 31. Qd4 Nxe4 32. Qxe4 Bd7 33. Rhf1 Nf6 34. Qd3 Bc6 35. Qf5 Re8 36. Rxe8+ Bxe8 37. Qc8 Qe3 38. Qxa6 Qe2 39. Rc1 Bg6 40. a3 Kh7 41. a4 Nd5 42. Qxb5 Qe4 43. Qc6 Qd4 44. a5 Ne3 45. Qc3 Qf4 46. a6 Nxc2 47. Rxc2 Qf1+ 48. Ka2 Qxa6+ 49. Kb1 Qf1+ 50. Ka2 Qa6+ 51. Kb1 Qf1+ 52. Ka2 Qa6+ 1/2-1/2

[Event "AUT-ch U16/U18 Girls"]
[Site "St Veit"]
[Date "2015.03.31"]
[Round "5.1"]
[White "Trippold, Denise"]
[Black "Busuioc, Alexandra"]
[Result "1-0"]
[WhiteElo "2014"]
[BlackElo "1766"]
[PlyCount "125"]
[EventDate "2015.03.29"]
[EventType "swiss"]
[EventRounds "7"]
[EventCountry "AUT"]
[SourceTitle "EXT 2024"]
[Source "ChessBase"]
[SourceDate "2023.10.10"]
[SourceVersion "1"]
[SourceVersionDate "2023.10.10"]
[SourceQuality "1"]

1. d4 Nf6 2. Nf3 d6 3. h3 g6 4. c4 Bg7 5. Nc3 0-0 6. e4 e5 7. d5 a5 8. Bg5 Na6 9. Nd2 Qe8 10. g4 Nd7 11. a3 Nac5 12. Nb5 f6 13. Nxc7 Qd8 14. Nxa8 fxg5 15. b4 Na6 16. Qb3 b6 17. c5 dxc5 18. d6+ Kh8 19. Bxa6 Bxa6 20. Nc7 Qc8 21. bxa5 bxa5 22. Nc4 Bb7 23. f3 a4 24. Qe3 Ba6 25. Rc1 Bxc4 26. Rxc4 Rf6 27. Rxa4 Nb6 28. Ra6 Rxd6 29. Qxc5 Qd7 30. Nd5 Rc6 31. Nxb6 Rxc5 32. Nxd7 Rc1+ 33. Kd2 Rxh1 34. Ra8+ Bf8 35. Rxf8+ Kg7 36. a4 Rh2+ 37. Kc3 Rxh3 38. a5 Rh1 39. a6 Ra1 40. Ra8 h5 41. a7 h4 42. Nxe5 h3 43. Rb8 Rxa7 44. Rb2 Ra3+ 45. Kd4 Ra8 46. Rh2 Rh8 47. Nd3 Kf6 48. Nf2 Rd8+ 49. Ke3 Ra8 50. Rxh3 Ra3+ 51. Nd3 Kg7 52. Rh1 Kf6 53. Rb1 Kg7 54. e5 Kf7 55. Ke4 Ke6 56. Rb6+ Kf7 57. Rb7+ Ke8 58. Nc5 Rc3 59. Kd5 Rxf3 60. Ke6 Kf8 61. Nd7+ Kg7 62. Nf6+ Kf8 63. Rf7# 1-0

[Event "EU-ch U14 Girls 24th"]
[Site "Batumi"]
[Date "2014.10.22"]
[Round "4"]
[White "Busuioc, Alexandra"]
[Black "Karimzada, Narmin"]
[Result "0-1"]
[WhiteElo "1833"]
[BlackElo "1679"]
[PlyCount "58"]
[EventDate "2014.10.19"]
[EventType "swiss"]
[EventRounds "9"]
[EventCountry "GEO"]
[SourceTitle "EXT 2016"]
[Source "ChessBase"]
[SourceDate "2015.10.08"]
[SourceVersion "1"]
[SourceVersionDate "2015.10.08"]
[SourceQuality "1"]

1. e4 c5 2. Nf3 Nc6 3. d4 cxd4 4. Nxd4 e5 5. Nb5 a6 6. Nd6+ Bxd6 7. Qxd6 Qf6 8. Qc7 Nge7 9. Nc3 0-0 10. Qb6 d6 11. Qe3 Be6 12. Bd3 Rac8 13. 0-0 Ng6 14. Ne2 Nb4 15. Bd2 Nxc2 16. Bxc2 Rxc2 17. Bc3 Bc4 18. Rfe1 Bxe2 19. Rxe2 Rxe2 20. Qxe2 Nf4 21. Qd2 Qg6 22. f3 f5 23. Re1 fxe4 24. Rxe4 Nh3+ 25. Kh1 Qxe4 26. gxh3 Qxf3+ 27. Qg2 Qd1+ 28. Qg1 Rf1 29. Qxf1 Qxf1# 0-1

[Event "AUT-ch U14 Girls"]
[Site "Woerth"]
[Date "2014.06.09"]
[Round "5"]
[White "Busuioc, Alexandra"]
[Black "Mundstein, Alina"]
[Result "1-0"]
[WhiteElo "1683"]
[BlackElo "1382"]
[PlyCount "55"]
[EventDate "2014.06.07"]
[EventType "swiss"]
[EventRounds "7"]
[EventCountry "AUT"]
[SourceTitle "EXT 2016"]
[Source "ChessBase"]
[SourceDate "2015.10.08"]
[SourceVersion "1"]
[SourceVersionDate "2015.10.08"]
[SourceQuality "1"]

1. e4 e5 2. Nf3 Nc6 3. d4 exd4 4. Bc4 Nf6 5. 0-0 d5 6. exd5 Nxd5 7. Nxd4 Nde7 8. Be3 g6 9. Qf3 f5 10. Rd1 Ne5 11. Bb5+ c6 12. Qg3 Bg7 13. Be2 Nd5 14. Bh6 Bf6 15. c4 Nf7 16. cxd5 Nxh6 17. Qe3+ Qe7 18. Qxh6 Bxd4 19. Rxd4 Qxe2 20. Nc3 Qe5 21. Rdd1 Qf6 22. dxc6 bxc6 23. Re1+ Kd8 24. Rad1+ Kc7 25. Qf4+ Kb7 26. Qb4+ Ka6 27. Na4 c5 28. Nxc5# 1-0

[Event "AUT-ch U14 Girls"]
[Site "Woerth"]
[Date "2014.06.09"]
[Round "6"]
[White "Schloffer, Jasmin Denise"]
[Black "Busuioc, Alexandra"]
[Result "1/2-1/2"]
[WhiteElo "1625"]
[BlackElo "1683"]
[PlyCount "82"]
[EventDate "2014.06.07"]
[EventType "swiss"]
[EventRounds "7"]
[EventCountry "AUT"]
[SourceTitle "EXT 2016"]
[Source "ChessBase"]
[SourceDate "2015.10.08"]
[SourceVersion "1"]
[SourceVersionDate "2015.10.08"]
[SourceQuality "1"]

1. d4 Nf6 2. c4 g6 3. Nc3 Bg7 4. e4 d6 5. f3 0-0 6. Be3 Nbd7 7. Nh3 e5 8. d5 Nb6 9. Nf2 Ne8 10. Be2 f5 11. Qc2 f4 12. Bd2 c6 13. 0-0-0 cxd5 14. cxd5 Bd7 15. Kb1 Rc8 16. Rdg1 Nc4 17. Bxc4 Rxc4 18. Qb3 Qc7 19. Nd3 Rd4 20. Qc2 b5 21. Rc1 Qc4 22. Nf2 b4 23. Ncd1 Qb5 24. b3 a5 25. Nb2 Nf6 26. Rhd1 Rc8 27. Nc4 Ne8 28. Be1 Rxd1 29. Nxd1 Qa6 30. Ndb2 Nc7 31. Qf2 Nb5 32. Qh4 Re8 33. Qf2 Rc8 34. Qh4 Re8 35. Qf2 Rc8 36. Qh4 Bf8 37. Qf6 Re8 38. Qh4 Be7 39. Qf2 Rc8 40. g3 Bd8 41. Bd2 fxg3 1/2-1/2